Конституция (основной закон) Российской Советской Федеративной Социалистической Республики: принята на внеочередной седьмой сессии Верховного Совета РСФСР девятого созыва, 12 апреля 1978 года

Бібліографічні деталі
Мова:Російська
Опубліковано: Москва, Советская Россия, 1979
Предмети:
Формат: Книга
KOHA link:https://koha.lib.tpu.ru/cgi-bin/koha/opac-detail.pl?biblionumber=679084

MARC

LEADER 00000nam0a2200000 4500
001 679084
005 20250313155542.0
090 |a 679084 
100 |a 20250313d1979 km|a0rusy50 ca 
101 0 |a rus 
102 |a RU 
105 |a y n 000yy 
181 0 |a i   |b  e  
182 0 |a n 
183 0 |a nc  |2 RDAcarrier 
200 1 |a Конституция (основной закон) Российской Советской Федеративной Социалистической Республики  |e принята на внеочередной седьмой сессии Верховного Совета РСФСР девятого созыва, 12 апреля 1978 года  |d Конституция (основные законы) Автономных Советских Социалистических Республик, входящих в состав РСФСР  |z rus 
203 |a Текст  |b визуальный  |c непосредственный 
210 |a Москва  |c Советская Россия  |d 1979 
215 |a 704 с. 
283 |a volume  |2 RDAcarrier 
512 1 |a Конституция (основной закон) РСФСР  |z rus 
606 |a Конституция Российской Федерации  |2 stltpush  |3 (RuTPU)RU\TPU\subj\67771  |9 83437 
606 1 |a Конституция союзных республик  |2 stltpush  |3 (RuTPU)RU\TPU\subj\15394  |9 41637 
610 1 |a РСФСР 
610 1 |a общественный строй 
610 1 |a государство 
610 1 |a личность 
610 1 |a административно-территориальное устройство 
610 1 |a автономии 
610 1 |a советы народных депутатов 
610 1 |a высшие органы 
610 1 |a государственная власть 
686 |a Х620.1  |2 rubbk 
801 0 |a RU  |b 63413507  |c 20250313 
830 |a Ретро2025Каталогизация Кузнецова 
850 |a 63413507 
942 |c BK